000 00228nam a2200097Ia 4500
008 220204s9999 xx 000 0 und d
082 _a82-7
_bMAR
100 _aMartin, Don
245 0 _aDon Martin looks up more tales
942 _cBK
999 _c35740
_d35740